Statistics for Countries with Transgender Recognition

Click here to take the quiz!

General Stats

  • This quiz has been taken 427 times
    (252 since last reset)
  • The average score is 34 of 44

Answer Stats

Country% Correct
United Kingdom
97%
Canada
96%
Sweden
95%
Spain
94%
Norway
94%
Italy
93%
Netherlands
93%
Denmark
93%
France
92%
Belgium
92%
Portugal
92%
New Zealand
91%
Ireland
91%
Germany
91%
Austria
89%
Iceland
88%
Argentina
88%
Brazil
88%
Greece
87%
Luxembourg
86%
Poland
85%
Switzerland
83%
Chile
83%
Estonia
82%
Colombia
80%
Slovenia
80%
Uruguay
78%
Croatia
78%
Peru
76%
South Africa
75%
Ecuador
73%
Malta
72%
Russia
72%
Bolivia
72%
Serbia
71%
Ukraine
66%
Israel
65%
Belarus
62%
Costa Rica
58%
Moldova
48%
Nepal
31%
Botswana
31%
Pakistan
27%
Bangladesh
23%

Score Distribution

Percentile by Number Answered

Percent of People with Each Score

Your Score History

You have not taken this quiz since the last reset